000 00606nam a2200253Ia 4500
003 OSt
005 20221007112653.0
006 a|||||r|||| 00| 0
007 ta
008 221006b |||||||| |||| 00| 0 hin d
024 _a29,140
037 _cTextual
040 _aLCO
_cLCO
_bhin
041 _2hin
_ahin
082 _aV1:5, Q1
100 _aKapoor S.K
245 0 _aManav Adhikar
250 _a4th
260 _aAllahabad
_bCentral Law Publ. India
_c2011
300 _a311
650 _aHUMAN RIGHTS
942 _hV1:5, Q1
_cTEXL
999 _c1198703
_d1198703